Trường ca Giàng HLăn xấu bụng Dân tộc Chăm ở Phú Yên

Сохранить в:
Библиографические подробности
Главный автор: Ka Sô Liễng (Sưu tầm, biên dịch, giới thiệu)
Формат:
Язык:Vietnamese
Опубликовано: H. Văn Hóa Dân Tộc 2012
Предметы:
Метки: Добавить метку
Нет меток, Требуется 1-ая метка записи!
Thư viện lưu trữ: Trung tâm Học liệu Lê Vũ Hùng, Trường Đại học Đồng Tháp
LEADER 00865aam a22002298a 4500
001 00029320
005 20171026081022.0
008 120530s2012 ||||||viesd
020 # # |a 9786047001460 
041 0 # |a vie 
082 1 4 |a 398.809 597 55  |b TR561C 
100 0 # |e Sưu tầm, biên dịch, giới thiệu  |a Ka Sô Liễng 
245 1 0 |a Trường ca Giàng HLăn xấu bụng  |b Dân tộc Chăm ở Phú Yên  |c Ka Sô Liễng (s.t, b.d, g.t.) 
260 # # |a H.  |b Văn Hóa Dân Tộc  |c 2012 
300 # # |a 797 tr.  |c 21 cm 
500 # # |a ĐTTS ghi: Hội Văn nghệ dân gian Việt Nam 
653 # # |a Phú Yên 
653 # # |a Văn học dân gian 
852 # # |b Kho đọc  |j KD.0013623 
852 # # |j KD.0013623 
910 0 # |d 4/6/2012  |a kchi 
980 # # |a Trung tâm Học liệu Lê Vũ Hùng, Trường Đại học Đồng Tháp